12 Απόστολοι του Ιησού - Statistics

General Stats
  • This quiz has been taken 57 times
  • The average score is 8 of 12
Answer Stats
Απόστολο % Correct
Πέτρος
98%
Ιούδας
96%
Ιωάννης
93%
Θωμάς
76%
Ματθαίος
76%
Ανδρέας
57%
Ιάκωβος του Αλφαίου
52%
Ιάκωβος του Ζεβεδαίου
52%
Σίμων
52%
Φίλιππος
52%
Βαρθολομαίος
48%
Θαδδαίος
22%
No matching quizzes found
Score Distribution
Percent of People with Each Score
Percentile by Number Answered
Your Score History
You have not taken this quiz